Tsiyonut shiṿyonit.

Saved in:
Bibliographic Details
Main Author: Gans, Chaim.
Format: Book
Language:Hebrew
Subjects:
Tags: Add Tag
No Tags, Be the first to tag this record!
LEADER 00951nam a22002897a 4500
001 014002015-2
005 20141103135601.0
008 140331s2013 is 000 0 heb d
035 0 |a ocn875291563 
035 |a (IsJeAIW)wb2014402575 
040 |a IsJeAIW  |c IsJeAIW 
100 1 |a Gans, Chaim. 
245 1 0 |6 880-01  |a Tsiyonut shiṿyonit. 
246 3 |a Just Zionism : on the morality of the Jewish state 
300 |a 259 p. ;  |c 21 cm. 
650 0 |a Zionism. 
650 0 |a Jewish nationalism  |x History. 
650 0 |a Zionism  |x Moral and ethical aspects. 
650 0 |a Jews  |x Identity. 
651 0 |a Israel  |x Politics and government. 
752 |a Israel  |d Tel Aviv. 
880 1 0 |6 245-01  |a ציונות שוויונית :  |b מסה על המעמד המוסרי של מדינת היהודים /  |c חיים גנז. 
880 |6 260-00  |a [תל אביב?] :  |b מולד,  |c 2013. 
899 |a 415_560307 
988 |a 20140411 
098 0 6 |a Heb 43005.428 
906 |0 VEN